00161nam a2200061Ia 4500008004100000100001300041245004500054120527s9999 xx 000 0 und d aKim &Kim aGlobal corporate finance. Text and cases